Obecné zásady pro oceňování ochranné známky s úvahou o jejím oceňování v nevýnosných podnicích
Prehľad zásad pre oceňovanie nehmotného majetku, metódy oceňovania ochrannej známky, požiadavky kladené Medzinárodnými oceňovacími štandardmi IVS. Metódy a obsah oceňovania ochrannej známky používané v českej praxi. Problematika vecného ocenenia ochrannej známky v nevýnosnom podniku.
Salvato in:
| Autore principale: | |
|---|---|
| Natura: | Capitolo di libro |
| Lingua: | ceco |
| Soggetti: | |
| Tags: |
Nessun Tag, puoi essere il primo ad aggiungerne!!
|
MARC
| LEADER | 00000naa$a2200000$$$4500 | ||
|---|---|---|---|
| 001 | 0055942 | ||
| 005 | 20231116103706.6 | ||
| 041 | 0 | |a cze | |
| 044 | |a CZ | ||
| 245 | 1 | 0 | |a Obecné zásady pro oceňování ochranné známky s úvahou o jejím oceňování v nevýnosných podnicích |c Jan Jurečka |
| 520 | |a Prehľad zásad pre oceňovanie nehmotného majetku, metódy oceňovania ochrannej známky, požiadavky kladené Medzinárodnými oceňovacími štandardmi IVS. Metódy a obsah oceňovania ochrannej známky používané v českej praxi. Problematika vecného ocenenia ochrannej známky v nevýnosnom podniku. | ||
| 610 | 2 | 0 | |a známky ochranné |
| 610 | 2 | 0 | |a ochrana práv priemyselných |
| 610 | 2 | 0 | |a oceňovanie |
| 610 | 2 | 0 | |a štandardy ohodnocovacie medzinárodné |
| 610 | 2 | 0 | |a know-how |
| 610 | 2 | 0 | |a metódy ekonomicko-matematické |
| 610 | 2 | 0 | |a Česko |
| 100 | 1 | |a Jurečka, Jan | |